Billie Eilish - i love you lyrics - Statistics

General Stats
  • This quiz has been taken 278 times
  • The average score is 153 of 182
Answer Stats
Answer % Correct
i
100%
"I
100%
I
100%
you
100%
You
100%
you"
100%
a
97%
do?
97%
do
97%
love
97%
me
97%
to
97%
To
97%
it
96%
when
96%
not
95%
the
95%
The
95%
don't
93%
want
92%
It's
91%
did
89%
Say
89%
say
89%
we
89%
We
89%
in
88%
And
87%
lie
87%
nothing
87%
What
87%
been
86%
I've
86%
like
86%
Tell
86%
tell
86%
true
86%
lied
85%
cry
83%
hell
83%
Never
83%
never
83%
But
81%
didn't
79%
make
79%
type
79%
right
78%
take
78%
isn't
77%
Let
77%
mean
77%
way
77%
Crying
76%
back?
75%
can't
75%
Maybe
75%
see
75%
try
75%
I'm
74%
Park
74%
someone
74%
through
74%
were
74%
your
74%
Central
73%
change
73%
laugh
71%
could
70%
has
69%
that
69%
won't
69%
night
67%
apart
66%
as
66%
fall
66%
On
66%
or
66%
all
65%
arms
65%
escape
65%
just
65%
There's
65%
today
65%
Up
65%
Even
64%
should
64%
gets
63%
dark
62%
tryna
62%
wish
62%
smile
61%
dying
60%
felt
60%
gave
60%
fly
59%
good
59%
learned
59%
another
57%
eye
57%
red
57%
ourselves
56%
No matching quizzes found
Score Distribution
Percent of People with Each Score
Percentile by Number Answered
Your Score History
You have not taken this quiz